[Event "Bogota rapid op"]
[Site "Bogota"]
[Date "2024.09.01"]
[Round "7"]
[White "Betancourt Vega, Breynner David"]
[Black "Roldan, Rolando"]
[Result "1-0"]
[WhiteElo "1573"]
[BlackElo "1696"]
[PlyCount "51"]
[EventDate "2024.09.01"]
[EventType "swiss (rapid)"]
[EventRounds "7"]
[EventCountry "COL"]
[SourceTitle "EXT 2025"]
[Source "ChessBase"]
[SourceDate "2024.10.14"]
[SourceVersion "1"]
[SourceVersionDate "2024.10.14"]
[SourceQuality "1"]

1. e4 c5 2. Nf3 d6 3. d4 cxd4 4. Nxd4 Nf6 5. Nc3 g6 6. Be3 Bg7 7. f3 0-0 8. Bc4 Nc6 9. Qd2 Bd7 10. 0-0-0 Qa5 11. Kb1 Rfd8 12. h4 Rac8 13. Bb3 Ne5 14. Bh6 Nc4 15. Bxc4 Rxc4 16. Bxg7 Kxg7 17. h5 b5 18. hxg6 Rh8 19. Qh6+ Kg8 20. g7 b4 21. gxh8Q+ Kxh8 22. Nd5 b3 23. Qf8+ Ng8 24. Rxh7+ Kxh7 25. Rh1+ Kg6 26. Qxg8# 1-0

[Event "Bogota rapid op"]
[Site "Bogota"]
[Date "2024.09.01"]
[Round "3"]
[White "Gutierrez Segura, Maria Jose"]
[Black "Roldan, Rolando"]
[Result "1/2-1/2"]
[WhiteElo "1408"]
[BlackElo "1696"]
[PlyCount "144"]
[EventDate "2024.09.01"]
[EventType "swiss (rapid)"]
[EventRounds "7"]
[EventCountry "COL"]
[SourceTitle "EXT 2025"]
[Source "ChessBase"]
[SourceDate "2024.10.14"]
[SourceVersion "1"]
[SourceVersionDate "2024.10.14"]
[SourceQuality "1"]

1. e4 c5 2. Nf3 d6 3. Nc3 g6 4. Bc4 Nc6 5. d3 e6 6. Bg5 Nf6 7. 0-0 Bg7 8. Re1 h6 9. Bh4 g5 10. Bg3 0-0 11. e5 dxe5 12. Nxe5 Nd4 13. Ne4 b6 14. c3 Nf5 15. Nc6 Qe8 16. Bb5 Bd7 17. Nxf6+ Bxf6 18. Be5 Bxe5 19. Rxe5 Bxc6 20. Bxc6 Qxc6 21. Qh5 Kg7 22. Rae1 Rad8 23. d4 cxd4 24. cxd4 Rxd4 25. g4 Nh4 26. Rxg5+ Kh7 27. Qxh4 Qf3 28. Rh5 Rxg4+ 29. Qxg4 Qxg4+ 30. Kf1 Rg8 31. Rhe5 Rg5 32. R5e4 Qf3 33. R4e3 Qc6 34. h4 Qb5+ 35. R1e2 Rg4 36. Re5 Rxh4 37. Rxb5 Kg6 38. Re3 f5 39. Rg3+ Kf6 40. f4 Rxf4+ 41. Kg2 h5 42. a3 h4 43. Rh3 Kg5 44. Rb4 Rg4+ 45. Rxg4+ fxg4 46. Rh1 e5 47. Re1 Kf4 48. Rf1+ Ke4 49. Re1+ Kf4 50. Rf1+ Ke4 51. Rh1 h3+ 52. Kg3 Kf5 53. Kh4 e4 54. Rf1+ Ke5 55. Kxg4 e3 56. Kxh3 Ke4 57. Rg1 e2 58. Rg4+ Kd3 59. Rg3+ Kd2 60. Rg2 Kd1 61. Rg1+ e1Q 62. Rxe1+ Kxe1 63. Kg4 Kd2 64. Kf5 Kc2 65. b4 Kb3 66. Ke6 Kxa3 67. Kd6 Kxb4 68. Kc6 b5 69. Kb7 a5 70. Ka6 a4 71. Kb6 a3 72. Kc6 a2 1/2-1/2

[Event "Bogota Centro Comercial op 2nd"]
[Site "Bogota"]
[Date "2024.04.14"]
[Round "3"]
[White "Roldan, Rolando"]
[Black "Guevara Garcia, Samuel Alejandro"]
[Result "1-0"]
[WhiteElo "1768"]
[BlackElo "1485"]
[PlyCount "49"]
[EventDate "2024.04.14"]
[EventType "swiss"]
[EventRounds "7"]
[EventCountry "COL"]
[SourceTitle "CBM 219 Extra"]
[Source "ChessBase"]
[SourceDate "2024.05.31"]
[SourceVersion "1"]
[SourceVersionDate "2024.05.31"]
[SourceQuality "1"]

1. e4 e5 2. f4 d6 3. Nf3 Nc6 4. Bc4 Nf6 5. Ng5 Be6 6. Nxe6 fxe6 7. Bxe6 Nxe4 8. 0-0 Qe7 9. Bh3 d5 10. d3 Qc5+ 11. Kh1 Nf2+ 12. Rxf2 Qxf2 13. Qh5+ g6 14. Qd1 Nd4 15. Na3 Bxa3 16. bxa3 Nxc2 17. Rb1 Ne1 18. g3 Qxa2 19. Rb2 Qxa3 20. Qxe1 Qxd3 21. Qxe5+ Kf7 22. Be6+ Kf8 23. Qf6+ Ke8 24. Qf7+ Kd8 25. Qd7# 1-0